The character of St. Paul as a preacher, considered and recommended : A sermon preach'd at the ordination of the Rev. Mr. William Harris, at Wells in the county of Somerset, April 15. MDCCXLI. By Samuel Billingsley. ...

Bibliographic Details
Main Author: Billingsley, Samuel
Format: eBook
Language:English
Series:Eighteenth century collections online.
Online Access:Full text online

MARC

Tag First Indicator Second Indicator Subfields
LEADER 00000cam a2200000 4500
001 in00001908704
006 m | d |
007 cr |n||||||||n
008 840330s1741 enk|||| s 00||||eng d
005 20260414165629.9
035 |a (CStRLIN)ESTCN2241 
040 |a Cu-RivES  |c Cu-RivES  |d CStRLIN  |d Thomson Gale  |d UtOrBLW 
100 1 |a Billingsley, Samuel. 
245 1 4 |a The character of St. Paul as a preacher, considered and recommended :  |b A sermon preach'd at the ordination of the Rev. Mr. William Harris, at Wells in the county of Somerset, April 15. MDCCXLI. By Samuel Billingsley. ... 
264 3 |a London :  |b printed by John Wilson; and sold by J. Noon; and James Brackstone,  |c 1741. 
300 |a 2 unnumbered pages, 34p. ;  |c 8⁰. 
336 |a text  |b txt  |2 rdacontent 
337 |a computer  |b c  |2 rdamedia 
338 |a online resource  |b cr  |2 rdacarrier 
500 |a Also issued as part of: 'The character of St. Paul as a preacher, considered and recommended. .. To which is added, a charge deliver'd at the same time', London, 1741. 
500 |a Reproduction of original from the Harvard University Houghton Library. 
510 4 |a English Short Title Catalog,  |c ESTCN2241. 
533 |a Electronic reproduction.  |b Farmington Hills, Mich. :  |c Thomson Gale,  |d 2003.  |n Available via the World Wide Web.  |n Access limited by licensing agreements  |7 s2003 miunns 
500 |a Electronic resource. 
830 0 |a Eighteenth century collections online. 
856 4 0 |u http://proxy.library.tamu.edu/login?url=https://galenet.galegroup.com/servlet/ECCO?c=1&stp=Author&ste=11&af=BN&ae=N002241&tiPG=1&dd=0&dc=flc&docNum=CW119228467&vrsn=1.0&srchtp=a&d4=0.33&n=10&SU=0LRF&locID=txshracd2898  |z Full text online  |t 0 
999 |a MARS 
999 f f |s 64d85f64-a798-3614-9a42-b6e5049c5699  |i 8f73be6d-c3a8-32c7-a2f6-7178ca692b40  |t 0 
952 f f |a Texas A&M University  |b College Station  |c Electronic Resources  |s www_evans  |d Available Online  |t 0  |h No information provided 
998 f f |t 0  |l Available Online